000 00660cam a22002295a 4500
001 L157386
008 120413s2012 xxka f 000 0 eng u
020 _a9781848062788
035 _a(Sirsi) u157386
041 0 _aeng
100 1 _aWarren, Emma
245 0 0 _aDomestic smoke alarms
260 _aWatford
_bBRE
_c2012
300 _a8p.
_bill.
_c30cm.
490 0 _aBRE Digest
_vDG 525
520 _aDiscusses the various types of domestic fire alarm available, and explains how to specify, locate, install and mantain alarms.
521 _aAdvanced
590 _aKA
651 4 _aUnited Kingdom
_y
690 _aHealth and safety
_96244
942 _n0
999 _c114745
_d114745